| 000 | 00666nam a22002297a 4500 | ||
|---|---|---|---|
| 005 | 20151215041314.0 | ||
| 008 | 081126s2010 maua b 001 0 eng | ||
| 020 | _a9780072449815 | ||
| 020 | _a0072449810 | ||
| 041 | 0 | _aeng | |
| 080 | _a004 | ||
| 100 | 1 | _aElmasri, Ramez. | |
| 245 | 1 | 0 |
_aOperating systems : _cRamez Elmasri, A. Gil Carrick, David Levine. |
| 260 |
_aBoston : _bMcGraw Hill Higher Education, _c2010. |
||
| 300 |
_a526 f. : _bme il.; _c24 cm. |
||
| 505 | _aIndex: f. 511 - 526 | ||
| 650 | 0 | _aKompjuterat | |
| 650 | 0 | _aSistemi operativ | |
| 700 | 1 | _aCarrick, A. Gil. | |
| 700 | 1 |
_aLevine, David _q(David E.) |
|
| 942 |
_2udc _cBK |
||
| 999 |
_c756 _d756 |
||